02033cam a2200217 45000010005000000100017000050200028000221000034000502450126000842600039002103000036002495000084002855040051003695051171004206100032015916100045016236510046016686510057017147000024017717000020017956740 a 2001053942 a0792375742 (alk. paper) aBaldwin, Richard E.bcdeq00aEconomic impact of EU membership on entrants :bnew methods and issues /cedited by Richard E. Baldwin and Aymo Brunetti. aBoston :bKluwer Academic,cc2001. axviii, 274 p. :bill. ;c25 cm. aPapers presented at a conference held in Lausanne, Switzerland in October 1999. aIncludes bibliographical references and index. aCONTENTS: Preface -- Introduction; R.E. Baldwin, A. Brunetti. Part I: CGE Studies -- Sorting Out the Effects of Switzerland's Accession to the EU: A Simulation Analysis; J.-M. Grether, T. Muller. Foreign Direct Investment in Producer Services; J. Markusen, et al. EU Integration and Outsiders: A Simulation Study of Industrial Location; R.E. Baldwin, et al. Factor Mobility, Economic Integration and the Location of Industry; J. Francois. The Economic Effects of the Bilateral Sectoral Agreements and the Swiss EU Membership; R. van Nieuwkoop, A. Muller. Part II: Macro Studies. The Swiss Franc and the Euro; H. Genberg, A. Kadareja. Macroeconomic Consequences of Swiss EU Accession: The Effects of Entering the Monetary Union; P. Stalder. Macroeconomic Consequences of Swiss EU Accession: Effects of Fiscal Measures; J. Barlocher. The Costs of the EU Integration for Switzerland: Alternative Scenarios; B. Simmons-Suer, M. Himmel. Part III: Labour Market Issues. Labour Market and Budgetary Effects of Eastern Enlargement in Germany; C. Keuschnigg. Migration and Swiss EU Membership; T. Straubhaar. Author's Affiliation. Index of Authors.grt20aEuropean UnionvCongresses.20aEuropean UnionzSwitzerlandvCongresses. 0aEuropexEconomic integrationvCongresses. 0aSwitzerlandxForeign economic relationsvCongresses.1 aBaldwin, Richard E.1 aBrunetti, Aymo.